Financial Management / (Record no. 3395)
[ view plain ]
| 000 -LEADER | |
|---|---|
| fixed length control field | 00812cam a2200253 4500 |
| 001 - CONTROL NUMBER | |
| control field | 4142 |
| 005 - DATE AND TIME OF LATEST TRANSACTION | |
| control field | 20181127172713.0 |
| 008 - FIXED-LENGTH DATA ELEMENTS--GENERAL INFORMATION | |
| fixed length control field | 121203s2011 ii 001 0 eng |
| 010 ## - LIBRARY OF CONGRESS CONTROL NUMBER | |
| LC control number | 2012406738 |
| 020 ## - INTERNATIONAL STANDARD BOOK NUMBER | |
| International Standard Book Number | 0198072074 (pbk.) |
| International Standard Book Number | 9780198072072 (pbk.) |
| 100 1# - MAIN ENTRY--PERSONAL NAME | |
| Personal name | Srivastava, Rajiv. |
| 245 10 - TITLE STATEMENT | |
| Title | Financial Management / |
| Statement of responsibility, etc. | Rajiv Srivastava, Anil Misra. |
| 250 ## - EDITION STATEMENT | |
| Edition statement | SECOND EDITION. |
| 264 #1 - PRODUCTION, PUBLICATION, DISTRIBUTION, MANUFACTURE, AND COPYRIGHT NOTICE | |
| Place of production, publication, distribution, manufacture | New Delhi, India : |
| Name of producer, publisher, distributor, manufacturer | OXFORD UNIVERSITY PRESS, |
| Date of production, publication, distribution, manufacture, or copyright notice | 2012. |
| 300 ## - PHYSICAL DESCRIPTION | |
| Extent | xiv, 816 pages ; |
| Dimensions | 29 cm + |
| Accompanying material | 1 CD-ROM (4 3/4 in.) |
| 336 ## - CONTENT TYPE | |
| Content type term | text |
| Source | rdacontent |
| 337 ## - MEDIA TYPE | |
| Media type term | unmediated |
| Source | rdamedia |
| 338 ## - CARRIER TYPE | |
| Carrier type term | volume |
| Source | rdacarrier |
| 500 ## - GENERAL NOTE | |
| General note | CD Available to Accompany Text. |
| General note | Includes index. |
| 650 #0 - SUBJECT ADDED ENTRY--TOPICAL TERM | |
| Topical term or geographic name entry element | Business enterprises |
| General subdivision | Finance |
| Form subdivision | Textbooks. |
| Topical term or geographic name entry element | Corporations |
| General subdivision | Finance |
| Form subdivision | Textbooks. |
| Withdrawn status | Lost status | Source of classification or shelving scheme | Damaged status | Not for loan | Collection code | Home library | Current library | Shelving location | Date acquired | Serial Enumeration / chronology | Total Checkouts | Full call number | Barcode | Date last seen | Date last checked out | Price effective from | Koha item type | Inventory number | Total Renewals |
|---|---|---|---|---|---|---|---|---|---|---|---|---|---|---|---|---|---|---|---|
| Dewey Decimal Classification | Desk | RTC Library | RTC Library | Desk | 19/03/2021 | 1 | 658.15 SRI | 30006889 | 21/08/2024 | 21/08/2024 | 27/11/2018 | Desk (DVD/CD) | |||||||
| Main TEST | RTC Library | RTC Library | Main opac | 01/03/2021 | 10 | 658.15 S77427f 2012 | 30006884 | 18/10/2024 | 09/10/2024 | 27/11/2018 | Main | 6969 | 15 |